Countries With At Least Three a's - Statistics

General Stats
  • This quiz has been taken 86 times
  • The average score is 18 of 28
Answer Stats
Country % Correct
Australia
92%
Afghanistan
85%
United States of America
83%
Bahamas
80%
Canada
80%
Antigua and Barbuda
78%
Albania
73%
United Arab Emirates
72%
Central African Republic
70%
Azerbaijan
68%
Kazakhstan
67%
Madagascar
65%
Saudi Arabia
63%
Papua New Guinea
62%
Jamaica
60%
Saint Vincent and the Grenadines
60%
Guatemala
57%
Marshall Islands
57%
Panama
57%
Trinidad and Tobago
57%
Equatorial Guinea
55%
Bosnia and Herzegovina
53%
Malaysia
53%
Mauritania
53%
Nicaragua
53%
Federated States of Micronesia
52%
Paraguay
47%
Tanzania
45%
No matching quizzes found
Score Distribution
Percent of People with Each Score
Percentile by Number Answered
Your Score History
You have not taken this quiz